书目信息 |
| 题名: |
日语能力测试高分文法1级
|
|
| 作者: | 落合太郎 , 原直美 编著 | |
| 分册: | ||
| 出版信息: | 天津 南开大学出版社 2006.08 |
|
| 页数: | 109页 | |
| 开本: | 26cm | |
| 丛书名: | ||
| 单 册: | ||
| 中图分类: | H364-44 | |
| 科图分类: | ||
| 主题词: | 日语--ri yu--语法--水平考试--习题 | |
| 电子资源: | ||
| ISBN: | 7-310-02470-2 | |
| 000 | 00893nam0 2200229 450 | |
| 001 | 012006759840 | |
| 005 | 20070604105457.21 | |
| 010 | @a7-310-02470-2@dCNY14.00 | |
| 100 | @a20061224d2006 km y0chiy0120 ea | |
| 101 | 0 | @ajpn |
| 102 | @aCN@b120000 | |
| 105 | @ay q 000yy | |
| 200 | 1 | @a日语能力测试高分文法1级@Ari yu neng li ce shi gao fen wen fa 1 ji@f(日) 落合太郎, 原直美编著@F(ri)luo he tai lang,yuan zhi mei bian zhu |
| 210 | @a天津@c南开大学出版社@d2006.08 | |
| 215 | @a109页@d26cm | |
| 330 | @a本书是适应国际日语水平考试1级的需要而编写的,主要内容由练习题、解答、巩固复习、模拟套题组成。书中练习充分,解答简明易懂,为广大考生取得高分提供了很好的复习教材。 | |
| 606 | 0 | @a日语@Ari yu@x语法@x水平考试@j习题 |
| 690 | @aH364-44@v4 | |
| 701 | 0 | @a落合太郎@Aluo he tai lang@4编著 |
| 701 | 0 | @a原直美@Ayuan zhi mei@4编著 |
| 801 | 0 | @aCN@c20070604 |
| 905 | @b233320-22@dH364-44@eL996 | |
| 日语能力测试高分文法1级/(日) 落合太郎, 原直美编著.-天津:南开大学出版社,2006.08 |
| 109页;26cm |
| ISBN 7-310-02470-2:CNY14.00 |
| 本书是适应国际日语水平考试1级的需要而编写的,主要内容由练习题、解答、巩固复习、模拟套题组成。书中练习充分,解答简明易懂,为广大考生取得高分提供了很好的复习教材。 |
| ● |
| 相关链接 |
|
|
|
正题名:日语能力测试高分文法1级
索取号:H364-44/L996
 
预约/预借
| 序号 | 登录号 | 条形码 | 馆藏地/架位号 | 状态 | 备注 |
| 1 | 233320 | 202333206 | 语言库209/209语言库 129排1列4层/ [索取号:H364-44/L996] | 在馆 | |
| 2 | 233321 | 202333215 | 语言库209/209语言库 129排1列4层/ [索取号:H364-44/L996] | 在馆 | |
| 3 | 233322 | 202333224 | 语言库209/209语言库 129排1列4层/ [索取号:H364-44/L996] | 在馆 |